000 00606nam a2200205Ia 4500
001 ist93-34369
003 IT-MiCISF
008 161014s9999||||xx |||||||||||||| ||und||
040 _aIT-MiCISF
_cIT-MiCISF
041 _ait
100 _aAA.VV.
245 0 _aStatistiche giudiziarie penali
_bAnno 1999
250 _a1a ed.
260 _a Roma
_bIstat
_c2001
300 _app. 521
500 _aIstituto Nazionale di Statistica / devianza, statistica, devianza-minorile, suicidio, carcere, servizi-sociali / documento
650 _aemarginazione-devianza
942 _cBK
957 _71
999 _a34369
_bsi
_g1
_c208814
_d208814